[Event "15PCR_F"]
[Site "?"]
[Date "2006.??.??"]
[Round "?"]
[White "Popelka, Miloslav"]
[Black "Juhasz, Jozef"]
[Result "1-0"]
[WhiteElo "2147"]
[BlackElo "2162"]
[PlyCount "89"]
[EventDate "2006.??.??"]
[SourceDate "2006.08.10"]

1. e4 e5 2. Nf3 Nf6 3. Nxe5 d6 4. Nf3 Nxe4 5. d4 d5 6. Bd3 Bd6 7. O-O O-O 8. c4
Bg4 9. cxd5 Nf6 10. Bg5 h6 11. Bh4 g5 12. Bg3 Bxg3 13. fxg3 Nxd5 14. h3 Bxf3
15. Qxf3 Ne7 16. Nc3 Qxd4+ 17. Kh2 Nbc6 18. Rad1 Qg7 19. Bc4 Kh8 20. Qe2 Rae8
21. Rd7 Ng6 22. Ne4 Nd4 23. Qd1 Rxe4 24. Rdxf7 Rxf7 25. Rxf7 Qg8 26. Qh5 Nf5
27. Rxf5 Rxc4 28. Qxh6+ Qh7 29. Qxg5 Rd4 30. Qf6+ Qg7 31. Qe6 Nf8 32. Rh5+ Nh7
33. Qe8+ Qg8 34. Rxh7+ Kxh7 35. Qh5+ Kg7 36. Qe5+ Kg6 37. Qxd4 Qxa2 38. Qe4+
Kh6 39. Qxb7 c5 40. Qc6+ Kh7 41. Qxc5 Qxb2 42. Qxa7+ Kg8 43. Qe7 Qb5 44. h4 Qc4
45. Qg5+ 1-0

[Event "15PCR_F"]
[Site "?"]
[Date "2006.??.??"]
[Round "?"]
[White "Batka, Josef"]
[Black "Brousek, Jiri"]
[Result "1/2-1/2"]
[WhiteElo "2260"]
[BlackElo "2315"]
[PlyCount "73"]
[EventDate "2006.??.??"]
[SourceDate "2006.08.10"]

1. e4 e6 2. d4 d5 3. e5 c5 4. c3 Qb6 5. Nf3 Nc6 6. a3 cxd4 7. cxd4 Nge7 8. Nc3
Nf5 9. Na4 Qd8 10. b4 Be7 11. Be2 O-O 12. O-O b6 13. Bb2 Bd7 14. Bd3 f6 15.
Bxf5 exf5 16. Rc1 Rc8 17. Nc3 Be6 18. Ne2 g5 19. exf6 Bxf6 20. Ne5 Ne7 21. f4
g4 22. Qa4 Rxc1 23. Rxc1 Qb8 24. Rc3 Qb7 25. b5 Ng6 26. Re3 Nxe5 27. dxe5 Be7
28. Nd4 Bc5 29. Qb3 Qd7 30. a4 Rc8 31. Qd1 Qe7 32. Rc3 Kf7 33. g3 h6 34. Kf2
Bxd4+ 35. Qxd4 Rc4 36. Rxc4 dxc4 37. Bc3 1/2-1/2

[Event "15PCR_F"]
[Site "?"]
[Date "2006.??.??"]
[Round "?"]
[White "Brousek, Jiri"]
[Black "Kratochvil, Vaclav"]
[Result "1-0"]
[WhiteElo "2315"]
[BlackElo "2191"]
[PlyCount "131"]
[EventDate "2006.??.??"]
[SourceDate "2006.08.10"]

1. d4 d5 2. Nf3 Nf6 3. e3 e6 4. Bd3 c5 5. b3 Nc6 6. O-O Be7 7. Bb2 O-O 8. dxc5
Bxc5 9. Nbd2 Re8 10. c4 e5 11. cxd5 Qxd5 12. Bc4 Qd7 13. Ng5 Rf8 14. Nde4 Nxe4
15. Nxe4 Be7 16. Ng3 Qxd1 17. Rfxd1 h5 18. Bd3 Rd8 19. Be4 Rxd1+ 20. Rxd1 a5
21. Nf5 Bxf5 22. Bxf5 a4 23. Be4 a3 24. Bc3 Rc8 25. g3 Kf8 26. Rd2 f6 27. Kg2
Rc7 28. Rc2 Rd7 29. Bg6 Nb4 30. Bxb4 Bxb4 31. Rc4 Be7 32. Bxh5 b5 33. Rc2 Rd5
34. h4 Bb4 35. Rc8+ Ke7 36. Rg8 Rd2 37. Rxg7+ Kf8 38. Rf7+ Kg8 39. Bg6 Rxa2 40.
h5 Rd2 41. h6 Rd8 42. Ra7 Bc5 43. Ra5 Bf8 44. Kf3 b4 45. h7+ Kh8 46. Ke4 Be7
47. Kf5 Rb8 48. Ke6 Bd8 49. Ra4 Rb6+ 50. Kd7 Rb8 51. Bb1 Kg7 52. g4 Kh8 53. Ke6
Rb6+ 54. Kd5 Rb5+ 55. Kc4 Rb8 56. Ra7 Bb6 57. Rf7 e4 58. Kd5 Re8 59. Kc6 Ba5
60. Ra7 Bd8 61. Ra8 Rf8 62. Bxe4 Be7 63. Ra4 Rd8 64. Bf5 Bd6 65. f4 Be7 66. Ra7
1-0

[Event "15PCR_F"]
[Site "?"]
[Date "2006.??.??"]
[Round "?"]
[White "Brousek, Jiri"]
[Black "Juhasz, Jozef"]
[Result "1-0"]
[WhiteElo "2315"]
[BlackElo "2162"]
[PlyCount "101"]
[EventDate "2006.??.??"]
[SourceDate "2006.08.10"]

1. d4 d5 2. Nf3 Nf6 3. e3 e6 4. Bd3 Nbd7 5. O-O c5 6. b3 Bd6 7. Bb2 Qc7 8. c4
e5 9. dxe5 Nxe5 10. Nxe5 Bxe5 11. Bxe5 Qxe5 12. Nd2 O-O 13. cxd5 Qxd5 14. Qc2
Qe5 15. Rae1 Rd8 16. Ne4 Nxe4 17. Bxe4 f5 18. Bf3 Rb8 19. Rd1 Rxd1 20. Rxd1 Be6
21. Qd2 b6 22. g3 Re8 23. Qd3 Qf6 24. Bc6 Rf8 25. Bd7 g5 26. Bxe6+ Qxe6 27. Qa6
Rf7 28. Rd8+ Kg7 29. Qd3 f4 30. Rd6 Qe5 31. Rd5 Qf6 32. h4 fxg3 33. Rxg5+ Kh8
34. f4 Rf8 35. Kg2 Qa1 36. a3 Re8 37. Rxg3 Qb2+ 38. Kh3 Qc1 39. Qd5 Qa1 40. Qf3
b5 41. Qc6 Rf8 42. Kh2 Qb2+ 43. Rg2 Qf6 44. Qxf6+ Rxf6 45. Kg3 Ra6 46. f5 Rxa3
47. Kf4 Rxb3 48. f6 Rb1 49. Kf5 Rf1+ 50. Ke6 h5 51. e4 1-0

[Event "15PCR_F"]
[Site "?"]
[Date "2006.??.??"]
[Round "?"]
[White "Popelka, Miloslav"]
[Black "Kratochvil, Vaclav"]
[Result "1/2-1/2"]
[WhiteElo "2147"]
[BlackElo "2191"]
[PlyCount "101"]
[EventDate "2006.??.??"]
[SourceDate "2006.08.10"]

1. e4 c5 2. Nf3 e6 3. d4 cxd4 4. Nxd4 Nc6 5. Nc3 a6 6. Nxc6 bxc6 7. Bd3 d5 8.
O-O Nf6 9. Re1 Be7 10. e5 Nd7 11. Qg4 g6 12. Bh6 Rb8 13. Qh3 Rxb2 14. Bg7 Rg8
15. Qxh7 Rxg7 16. Qxg7 Bb4 17. Bxg6 Qe7 18. Na4 Bxe1 19. Nxb2 Bc3 20. Rb1 fxg6
21. Qxg6+ Qf7 22. Qxf7+ Kxf7 23. f4 Bd4+ 24. Kf1 a5 25. g4 Ba6+ 26. Kg2 Nc5 27.
h4 Be2 28. Kh3 Bc3 29. h5 Kg7 30. Kh4 Bd2 31. f5 exf5 32. gxf5 Bc3 33. Nd3 Bxd3
34. cxd3 Bxe5 35. Rb6 Nxd3 36. Rxc6 Bf6+ 37. Kg3 Bd4 38. Rg6+ Kh7 39. Ra6 Bc3
40. f6 Kh6 41. Kg4 Ne5+ 42. Kf5 Nf7 43. Ra7 Ng5 44. Rc7 Ne4 45. f7 Bb4 46. Rc1
Kg7 47. h6+ Kxh6 48. Rg1 Nc3 49. Rg8 d4 50. Rg4 Bf8 51. Rxd4 1/2-1/2

[Event "15PCR_F"]
[Site "?"]
[Date "2006.??.??"]
[Round "?"]
[White "Juhasz, Jozef"]
[Black "Kratochvil, Vaclav"]
[Result "0-1"]
[WhiteElo "2162"]
[BlackElo "2191"]
[PlyCount "126"]
[EventDate "2006.??.??"]
[SourceDate "2006.08.10"]

1. e4 c5 2. c3 d5 3. exd5 Qxd5 4. d4 Nf6 5. Nf3 e6 6. Na3 Qd8 7. Bf4 Nc6 8.
dxc5 Nd5 9. Bd6 Bxd6 10. cxd6 Qxd6 11. Qd2 Qe7 12. Rd1 O-O 13. Bc4 a6 14. O-O
Nf6 15. Nc2 b5 16. Bd3 Rd8 17. Ncd4 Bb7 18. a3 Qc7 19. Nxc6 Bxc6 20. Nd4 Bd5
21. f4 Bc4 22. Rf3 Rd5 23. Bc2 Rh5 24. Qe1 Bd5 25. Rf1 a5 26. Qg3 b4 27. Rfe1
Qc5 28. Re3 bxa3 29. bxa3 a4 30. f5 Rc8 31. h4 Ba2 32. fxe6 Bxe6 33. Rb1 Qa7
34. Kh1 Nd5 35. Nxe6 fxe6 36. Rxe6 g5 37. Re4 Nxc3 38. Rc4 Rxc4 39. Rb8+ Qxb8
40. Qxb8+ Kf7 41. Qa7+ Ke6 42. Qa6+ Kd5 43. Qa8+ Kc5 44. g3 gxh4 45. Qc8+ Kd5
46. Qe8 Re5 47. Qd7+ Kc5 48. Bd3 Ree4 49. Qc7+ Kd5 50. Bxc4+ Rxc4 51. Qd8+ Kc6
52. gxh4 Kb7 53. h5 Rc6 54. Qe7+ Rc7 55. Qb4+ Ka6 56. Qd4 Kb7 57. h6 Ka6 58.
Kg2 Kb7 59. Qb4+ Kc8 60. Qb6 Kd7 61. Qa6 Ke7 62. Kf3 Kd7 63. Qc4 Rxc4 0-1

[Event "15PCR_F"]
[Site "?"]
[Date "2006.??.??"]
[Round "?"]
[White "Hrubcik, Martin"]
[Black "Kratochvil, Vaclav"]
[Result "0-1"]
[WhiteElo "2199"]
[BlackElo "2191"]
[PlyCount "56"]
[EventDate "2006.??.??"]
[SourceDate "2006.08.10"]

1. e4 c5 2. Nf3 e6 3. d4 cxd4 4. Nxd4 Nc6 5. Nc3 a6 6. f4 Nxd4 7. Qxd4 b5 8.
Bd3 Bb7 9. Bd2 Rc8 10. b4 Ne7 11. a3 Nc6 12. Qe3 Be7 13. O-O d6 14. Rad1 O-O
15. Kh1 Bf6 16. e5 dxe5 17. Ne4 Be7 18. Bc3 Qc7 19. f5 exf5 20. Rxf5 f6 21.
Rdf1 Qd7 22. Rh5 g6 23. Rh3 f5 24. Ng5 Nd4 25. Bxd4 Bxg5 26. Qxg5 Qxd4 27. Rd1
Rf7 28. Qd2 e4 0-1

[Event "15PCR_F"]
[Site "?"]
[Date "2006.??.??"]
[Round "?"]
[White "Juhasz, Jozef"]
[Black "Hrdy, Roman"]
[Result "1/2-1/2"]
[WhiteElo "2162"]
[BlackElo "2260"]
[PlyCount "38"]
[EventDate "2006.??.??"]
[SourceDate "2006.08.10"]

1. e4 c5 2. c3 d5 3. exd5 Qxd5 4. d4 Nf6 5. Nf3 e6 6. Na3 Nc6 7. Nb5 Qd8 8.
dxc5 Bxc5 9. Qxd8+ Kxd8 10. Bf4 Ne4 11. Rd1+ Bd7 12. Ng5 Nxg5 13. Bxg5+ f6 14.
Bc1 a6 15. Nd6 Bxd6 16. Rxd6 Kc7 17. Rd3 Ne7 18. f4 Rhe8 19. Kf2 Nc6 1/2-1/2

[Event "15PCR_F"]
[Site "?"]
[Date "2006.??.??"]
[Round "?"]
[White "Kratochvil, Vaclav"]
[Black "Pytlik, Lesek"]
[Result "1/2-1/2"]
[WhiteElo "2191"]
[BlackElo "2403"]
[PlyCount "63"]
[EventDate "2006.??.??"]
[SourceDate "2006.08.10"]

1. e4 e6 2. d4 d5 3. exd5 exd5 4. Bd3 Bd6 5. Nf3 Qe7+ 6. Qe2 Nc6 7. c3 Qxe2+ 8.
Bxe2 Nf6 9. O-O O-O 10. Re1 Bf5 11. Nbd2 Rfe8 12. Nf1 Ne7 13. Ne3 Be4 14. Ne5
h6 15. f3 Bh7 16. Bd2 Rac8 17. b4 Ng6 18. Nxg6 Bxg6 19. Kf2 c6 20. g3 Bc7 21.
a4 a5 22. Ra2 Ra8 23. b5 Rab8 24. c4 cxb5 25. axb5 dxc4 26. Nxc4 b6 27. Rc1 Re7
28. Ne3 Rd8 29. Ra4 Bd6 30. Rc6 Bb4 31. Bxb4 axb4 32. Ra2 1/2-1/2

[Event "15PCR_F"]
[Site "?"]
[Date "2006.??.??"]
[Round "?"]
[White "Kratochvil, Vaclav"]
[Black "Hrdy, Roman"]
[Result "0-1"]
[WhiteElo "2191"]
[BlackElo "2260"]
[PlyCount "74"]
[EventDate "2006.??.??"]
[SourceDate "2006.08.10"]

1. e4 c5 2. Nf3 d6 3. d4 cxd4 4. Nxd4 Nf6 5. Nc3 a6 6. Bg5 e6 7. f4 Qb6 8. Nb3
Be7 9. Be2 Nbd7 10. Qd3 Qc7 11. Bf3 Rb8 12. O-O-O b5 13. Bxf6 Nxf6 14. g4 b4
15. Ne2 Nd7 16. Ned4 Bb7 17. Kb1 O-O 18. g5 Nc5 19. Qc4 Rfd8 20. e5 dxe5 21.
fxe5 Rbc8 22. Bxb7 Qxb7 23. Qe2 Nxb3 24. Nxb3 Bxg5 25. Rhg1 Rxd1+ 26. Rxd1 Rd8
27. Rg1 h6 28. Qg4 Qa7 29. Rf1 Qe3 30. h4 Be7 31. Na5 Rd4 32. Qg2 Bxh4 33. Nb3
Rd5 34. Nc1 a5 35. Rh1 Bg3 36. Nd3 Bxe5 37. Rd1 a4 0-1

[Event "15PCR_F"]
[Site "?"]
[Date "2006.??.??"]
[Round "?"]
[White "Hrdy, Roman"]
[Black "Paulik, Vaclav"]
[Result "1/2-1/2"]
[WhiteElo "2260"]
[BlackElo "2160"]
[PlyCount "43"]
[EventDate "2006.??.??"]
[SourceDate "2006.08.10"]

1. e4 e5 2. Nf3 Nc6 3. Bb5 a6 4. Ba4 Nf6 5. O-O Be7 6. Re1 b5 7. Bb3 O-O 8. c3
d5 9. exd5 Nxd5 10. d4 exd4 11. cxd4 Bg4 12. Nc3 Nb6 13. Be3 Bf6 14. Ne4 Bxd4
15. Qc2 Nb4 16. Qd2 Bxe3 17. Qxb4 Bxf3 18. Rxe3 Bxe4 19. Qxe4 Qf6 20. Rc1 Nc4
21. Bxc4 bxc4 22. Qxc4 1/2-1/2

[Event "15PCR_F"]
[Site "?"]
[Date "2006.??.??"]
[Round "?"]
[White "Hrubcik, Martin"]
[Black "Brousek, Jiri"]
[Result "1/2-1/2"]
[WhiteElo "2199"]
[BlackElo "2315"]
[PlyCount "57"]
[EventDate "2006.??.??"]
[SourceDate "2006.08.10"]

1. e4 e6 2. d4 d5 3. Nc3 Nf6 4. Bd3 c5 5. Nf3 cxd4 6. Nxd4 e5 7. Nf3 Bb4 8.
Nxe5 O-O 9. exd5 Re8 10. f4 Bc5 11. Be2 Na6 12. a3 Bf5 13. Kf1 Ne4 14. Nxe4
Bxe4 15. Bf3 Bxf3 16. Qxf3 Bd4 17. Qe4 Qb6 18. c3 Bxe5 19. fxe5 Nc5 20. Qe2 Qb3
21. h4 f6 22. Bf4 fxe5 23. Be3 Rf8+ 24. Kg1 Qxd5 25. Rd1 Qe4 26. Rd2 Ne6 27.
Qd3 Qg4 28. h5 Rad8 29. Qe2 1/2-1/2

[Event "15PCR_F"]
[Site "?"]
[Date "2006.??.??"]
[Round "?"]
[White "Batka, Josef"]
[Black "Kratochvil, Vaclav"]
[Result "1-0"]
[WhiteElo "2260"]
[BlackElo "2191"]
[PlyCount "131"]
[EventDate "2006.??.??"]
[SourceDate "2006.08.10"]

1. e4 c5 2. c3 d5 3. exd5 Qxd5 4. d4 Nf6 5. Nf3 e6 6. Be2 Nc6 7. O-O cxd4 8.
cxd4 Be7 9. Nc3 Qd6 10. Bg5 O-O 11. Rc1 Nd5 12. Bd3 Bxg5 13. Nxg5 h6 14. Bh7+
Kh8 15. Bb1 Nf6 16. Nf3 Rd8 17. Qc2 Qf4 18. a3 Bd7 19. Qd3 Rac8 20. Rfe1 Be8
21. g3 Qd6 22. Kg2 Ne7 23. Ne4 Nxe4 24. Rxc8 Rxc8 25. Qxe4 g6 26. Qxb7 Bc6 27.
Qxa7 Bxf3+ 28. Kxf3 Nc6 29. Qa4 Nxd4+ 30. Kg2 Kg7 31. Qa5 Rc5 32. Qd2 Rc7 33.
Qe3 Qc6+ 34. Qe4 Qb7 35. Re3 e5 36. b4 Qxe4+ 37. Rxe4 f6 38. Re3 g5 39. Bd3 Ra7
40. Bf1 g4 41. b5 Kf7 42. Rc3 Ke7 43. h4 Kd7 44. h5 Rc7 45. Re3 Kd6 46. a4 Ra7
47. Ra3 Ra5 48. Bd3 f5 49. Kf1 Kc5 50. Ra2 Kb6 51. Ke1 Ra7 52. Kd2 Ka5 53. Kc3
Rc7+ 54. Bc4 Rd7 55. Rb2 Rc7 56. b6 Rb7 57. Bd3 Rxb6 58. Rxb6 Kxb6 59. a5+ Kxa5
60. Kc4 Nc6 61. Bxf5 Ne7 62. Bxg4 Kb6 63. Bf3 Kc7 64. Kc5 Kd7 65. Bg4+ Kc7 66.
Be6 1-0

[Event "15PCR_F"]
[Site "?"]
[Date "2006.??.??"]
[Round "?"]
[White "Batka, Josef"]
[Black "Juhasz, Jozef"]
[Result "1/2-1/2"]
[WhiteElo "2260"]
[BlackElo "2162"]
[PlyCount "98"]
[EventDate "2006.??.??"]
[SourceDate "2006.08.10"]

1. e4 e5 2. Nc3 Nf6 3. Bc4 Nc6 4. d3 Na5 5. Nge2 Nxc4 6. dxc4 Bc5 7. O-O d6 8.
Qd3 Be6 9. Bg5 c6 10. Na4 h6 11. Bh4 g5 12. Bg3 Qa5 13. Nxc5 Qxc5 14. Qf3 Nd7
15. b3 O-O-O 16. Rfd1 h5 17. h4 Rdg8 18. Rd2 Rg6 19. Rad1 Bg4 20. Qd3 Rhg8 21.
hxg5 Rxg5 22. Kf1 R5g6 23. Bh4 Qb6 24. c3 Nc5 25. Qe3 Bxe2+ 26. Rxe2 Rg4 27.
Qh3 Ne6 28. g3 f5 29. Qh1 fxe4 30. Rxd6 Nc5 31. Rdd2 Qc7 32. b4 Na4 33. Rxe4
Nxc3 34. Rxg4 hxg4 35. Rc2 Na4 36. Qe4 Qd7 37. c5 Qd5 38. Qxd5 cxd5 39. Bf6 Re8
40. Re2 Nc3 41. Rxe5 Rxe5 42. Bxe5 Nxa2 43. b5 Nc1 44. f3 gxf3 45. g4 Nb3 46.
g5 Nd2+ 47. Ke1 f2+ 48. Kxf2 Ne4+ 49. Ke3 Nxg5 1/2-1/2

[Event "15PCR_F"]
[Site "?"]
[Date "2006.??.??"]
[Round "?"]
[White "Juhasz, Jozef"]
[Black "Postl, Rostislav"]
[Result "0-1"]
[WhiteElo "2162"]
[BlackElo "2314"]
[PlyCount "90"]
[EventDate "2006.??.??"]
[SourceDate "2006.08.10"]

1. e4 e5 2. Nf3 Nc6 3. Bc4 Bc5 4. d3 Nf6 5. Nc3 d6 6. Na4 Bb6 7. O-O O-O 8.
Nxb6 axb6 9. Bg5 h6 10. Bh4 Bg4 11. c3 Bd7 12. a4 Be6 13. Nd2 Na5 14. Bd5 g5
15. Bxe6 fxe6 16. Bg3 Qe7 17. b4 Nc6 18. b5 Na5 19. d4 Nd7 20. Qg4 Kh7 21. Rab1
Qf6 22. Rbc1 Rf7 23. Qe2 Raf8 24. h3 exd4 25. cxd4 Qxd4 26. Rxc7 Nc5 27. Rxf7+
Rxf7 28. Rd1 Rd7 29. Qh5 Qf6 30. Re1 e5 31. Qd1 Qe6 32. Nf1 Nab3 33. Ne3 Nxa4
34. Nd5 Nac5 35. f3 h5 36. Bf2 Rg7 37. Be3 Qg6 38. Kh2 Rf7 39. Nxb6 g4 40. Rg1
Kg8 41. Nd5 Kg7 42. Qe1 Ne6 43. Qh4 Nbd4 44. Qxh5 g3+ 45. Kh1 Qxh5 0-1

[Event "15PCR_F"]
[Site "?"]
[Date "2006.??.??"]
[Round "?"]
[White "Kratochvil, Vaclav"]
[Black "Paulik, Vaclav"]
[Result "1/2-1/2"]
[WhiteElo "2191"]
[BlackElo "2160"]
[PlyCount "117"]
[EventDate "2006.??.??"]
[SourceDate "2006.08.10"]

1. e4 e5 2. Nf3 Nc6 3. Bb5 a6 4. Ba4 Nf6 5. O-O Be7 6. Re1 b5 7. Bb3 d6 8. c3
O-O 9. h3 Re8 10. d4 Bb7 11. Nbd2 Bf8 12. Ng5 Re7 13. d5 Na5 14. Bc2 c6 15. b4
Nc4 16. Nxc4 bxc4 17. dxc6 Bxc6 18. Nf3 Rc7 19. Bg5 h6 20. Bh4 Be7 21. Nd2 Bd7
22. a4 g6 23. Bg3 Nh5 24. Bh2 Bf8 25. Qe2 Bg7 26. Nf3 Nf4 27. Qe3 Qe7 28. Rad1
Nd3 29. Re2 Rd8 30. Qb6 Rc6 31. Qa7 Qe8 32. a5 Rdc8 33. Ba4 R6c7 34. Bxd7 Qxd7
35. Qxa6 Rb8 36. Rxd3 cxd3 37. Qxd3 Qb5 38. Qxb5 Rxb5 39. Re3 f5 40. Kf1 fxe4
41. Nd2 d5 42. f3 d4 43. cxd4 Rc1+ 44. Ke2 exd4 45. Rxe4 Rxb4 46. Re7 Ra1 47.
Bd6 Rba4 48. Kd3 Rc1 49. Rc7 Rxc7 50. Bxc7 Ra3+ 51. Ke4 g5 52. Bb6 Re3+ 53. Kd5
Re2 54. Nc4 d3 55. a6 d2 56. Nxd2 Rxd2+ 57. Kc6 Rxg2 58. a7 Ra2 59. Kb7 1/2-1/2

[Event "15PCR_F"]
[Site "?"]
[Date "2006.??.??"]
[Round "?"]
[White "Brousek, Jiri"]
[Black "Postl, Rostislav"]
[Result "0-1"]
[WhiteElo "2315"]
[BlackElo "2314"]
[PlyCount "82"]
[EventDate "2006.??.??"]
[SourceDate "2006.08.10"]

1. d4 d5 2. Nf3 Nf6 3. e3 e6 4. Bd3 c5 5. b3 Nc6 6. O-O Bd6 7. dxc5 Bxc5 8. Bb2
O-O 9. a3 Bd6 10. Nbd2 e5 11. c4 Be6 12. Ng5 h6 13. Nxe6 fxe6 14. e4 d4 15. b4
b6 16. Rc1 Nd7 17. Nb3 Kh8 18. c5 bxc5 19. bxc5 Be7 20. Bb5 Qc7 21. Qd3 Rab8
22. Ba1 Nf6 23. f3 Na5 24. Nxa5 Qxa5 25. a4 Ne8 26. Qc2 Nc7 27. Be2 Na6 28. c6
Nc5 29. Rb1 Rxb1 30. Rxb1 Rd8 31. Bb2 Nxa4 32. Kf1 Nc5 33. Ra1 Qb6 34. Ba3 Qxc6
35. Bd3 Rc8 36. Bxc5 Bxc5 37. h3 Qe8 38. Qa4 Qe7 39. Qb5 Qg5 40. Qc4 Rb8 41.
Qxe6 Qd2 0-1

[Event "15PCR_F"]
[Site "?"]
[Date "2006.??.??"]
[Round "?"]
[White "Hrubcik, Martin"]
[Black "Batka, Josef"]
[Result "0-1"]
[WhiteElo "2199"]
[BlackElo "2260"]
[PlyCount "62"]
[EventDate "2006.??.??"]
[SourceDate "2006.08.10"]

1. e4 c5 2. Nf3 Nc6 3. d4 cxd4 4. Nxd4 Nf6 5. Nc3 e5 6. Ndb5 d6 7. a4 a6 8. Na3
Be6 9. Bg5 Be7 10. Bxf6 Bxf6 11. Bc4 O-O 12. Nd5 Bh4 13. O-O Qg5 14. c3 Rad8
15. Qd3 Kh8 16. Rad1 Qh5 17. b4 f5 18. f3 Bg5 19. a5 Qh4 20. g3 Qh6 21. Qe2 Bd7
22. Kh1 fxe4 23. fxe4 Bh3 24. Rxf8+ Rxf8 25. Nc2 Qg6 26. Kg1 h6 27. Rb1 Nd8 28.
Nc7 Bh4 29. Qd3 Nf7 30. Nd5 Ng5 31. Ne7 Qh5 0-1

[Event "15PCR_F"]
[Site "?"]
[Date "2006.??.??"]
[Round "?"]
[White "Pytlik, Lesek"]
[Black "Batka, Josef"]
[Result "1-0"]
[WhiteElo "2403"]
[BlackElo "2260"]
[PlyCount "47"]
[EventDate "2006.??.??"]
[SourceDate "2006.08.10"]

1. e4 c5 2. Nf3 Nc6 3. Bb5 Nf6 4. Nc3 a6 5. Bxc6 dxc6 6. h3 e6 7. d3 Be7 8. Bg5
h6 9. Bh4 O-O 10. e5 Nd5 11. Bxe7 Nxe7 12. Qe2 Qc7 13. O-O-O b6 14. g4 Nd5 15.
g5 Nxc3 16. bxc3 h5 17. Nd2 Bb7 18. Qxh5 Qxe5 19. Ne4 Rfd8 20. Qh4 Qf5 21. g6
fxg6 22. Ng5 Qf6 23. Rde1 Bc8 24. Rhg1 1-0

[Event "15PCR_F"]
[Site "?"]
[Date "2006.??.??"]
[Round "?"]
[White "Brousek, Jiri"]
[Black "Strnad, Martin"]
[Result "1/2-1/2"]
[WhiteElo "2315"]
[BlackElo "2241"]
[PlyCount "55"]
[EventDate "2006.??.??"]
[SourceDate "2006.08.10"]

1. d4 Nf6 2. Nf3 d5 3. e3 c6 4. c4 e6 5. Bd3 dxc4 6. Bxc4 Nbd7 7. Nc3 b5 8. Bd3
a6 9. e4 c5 10. e5 cxd4 11. Nxb5 Nxe5 12. Nxe5 axb5 13. O-O Qd5 14. Qe2 Ba6 15.
Bg5 Be7 16. f4 O-O 17. a4 h6 18. Bh4 Rfc8 19. axb5 Bb7 20. Rae1 Bb4 21. Rd1 Ne4
22. Bxe4 Qxe4 23. Qxe4 Bxe4 24. Bf2 Bd5 25. Bxd4 Rcb8 26. Nc6 Rxb5 27. Nxb4
Rxb4 28. Bc3 1/2-1/2

[Event "15PCR_F"]
[Site "?"]
[Date "2006.??.??"]
[Round "?"]
[White "Juhasz, Jozef"]
[Black "Paulik, Vaclav"]
[Result "1/2-1/2"]
[WhiteElo "2162"]
[BlackElo "2160"]
[PlyCount "121"]
[EventDate "2006.??.??"]
[SourceDate "2006.08.10"]

1. e4 c5 2. c3 Nf6 3. e5 Nd5 4. d4 cxd4 5. Qxd4 e6 6. Nf3 Nc6 7. Qe4 f5 8. exf6
Nxf6 9. Qa4 Bc5 10. Nbd2 d5 11. Nb3 Bd6 12. Bb5 Bd7 13. Be3 a6 14. Bxc6 Bxc6
15. Qh4 e5 16. O-O O-O 17. Ng5 Qe7 18. Rfe1 h6 19. Nf3 Rae8 20. Rad1 Bd7 21.
Nfd2 b5 22. f3 Bf5 23. Nf1 Qc7 24. Qf2 Rc8 25. Bb6 Qc6 26. Ba5 Nh5 27. Qb6
Qxb6+ 28. Bxb6 Nf4 29. Ne3 Be6 30. Kh1 b4 31. g3 Nh3 32. Nxd5 Rxf3 33. Kg2 Rf7
34. Nf4 Nxf4+ 35. gxf4 Bf8 36. Rxe5 Bxb3 37. axb3 bxc3 38. bxc3 Rxc3 39. Rd8
Kh7 40. Bd4 Rxb3 41. Ree8 Bb4 42. h4 Kg6 43. Re6+ Kf5 44. Rxa6 Rd3 45. Raa8 Kg4
46. Be5 Rg3+ 47. Kh2 Re3 48. Ra2 Kxh4 49. Rc8 Be1 50. Rc4 Kh5 51. Kg2 g5 52.
Rac2 Bh4 53. Bc7 Rf8 54. Rc5 Kg4 55. fxg5 hxg5 56. R5c4+ Kh5 57. Rd4 Rfe8 58.
Rdc4 Be1 59. Rc5 R8e4 60. R5c4 Re7 61. Rc5 1/2-1/2

[Event "15PCR_F"]
[Site "?"]
[Date "2006.??.??"]
[Round "?"]
[White "Paulik, Vaclav"]
[Black "Koci, Vladimir"]
[Result "1-0"]
[WhiteElo "2160"]
[BlackElo "2178"]
[PlyCount "41"]
[EventDate "2006.??.??"]
[SourceDate "2006.08.10"]

1. e4 c5 2. d4 cxd4 3. Nf3 Nc6 4. Nxd4 Nf6 5. Nc3 d6 6. Bg5 e6 7. Qd2 Be7 8.
O-O-O O-O 9. f4 h6 10. Bh4 Bd7 11. Nf3 Be8 12. g4 d5 13. Qe1 Qc7 14. e5 Nxg4
15. Rg1 h5 16. h3 Nh6 17. Nb5 Qd8 18. Nd6 Bxh4 19. Nxh4 Kh8 20. f5 Rg8 21. f6
1-0

[Event "15PCR_F"]
[Site "?"]
[Date "2006.??.??"]
[Round "?"]
[White "Hrubcik, Martin"]
[Black "Rychtecky, Pavel"]
[Result "1/2-1/2"]
[WhiteElo "2199"]
[BlackElo "2218"]
[PlyCount "39"]
[EventDate "2006.??.??"]
[SourceDate "2006.08.10"]

1. e4 c6 2. d4 d5 3. Nc3 dxe4 4. Nxe4 Nd7 5. Ng5 Ngf6 6. Bc4 e6 7. Qe2 Nb6 8.
Bd3 Qxd4 9. N1f3 Qd5 10. Ne5 Be7 11. O-O O-O 12. Rd1 Qc5 13. a3 Bd8 14. b4 Qe7
15. Be3 Qe8 16. c4 Nbd7 17. Nxd7 Bxd7 18. Bc5 Be7 19. Bxe7 Qxe7 20. Nxh7
1/2-1/2

[Event "15PCR_F"]
[Site "?"]
[Date "2006.??.??"]
[Round "?"]
[White "Popelka, Miloslav"]
[Black "Postl, Rostislav"]
[Result "1-0"]
[WhiteElo "2147"]
[BlackElo "2314"]
[PlyCount "93"]
[EventDate "2006.??.??"]
[SourceDate "2006.08.10"]

1. e4 e5 2. Nf3 Nc6 3. Bb5 a6 4. Ba4 Nf6 5. O-O Be7 6. Re1 b5 7. Bb3 d6 8. c3
O-O 9. h3 Na5 10. Bc2 c5 11. d4 Qc7 12. Nbd2 cxd4 13. cxd4 Bb7 14. d5 Rac8 15.
Bd3 Nd7 16. Nf1 f5 17. exf5 Bxd5 18. Ng5 Bxg5 19. Bxg5 Bc6 20. Rc1 d5 21. b3
Nf6 22. Ng3 Rfe8 23. Qd2 Rf8 24. Rc2 Nb7 25. Rec1 Nd8 26. Be2 Qb7 27. Bxf6 Rxf6
28. Bf3 e4 29. Bg4 Rb8 30. Nh5 Rf7 31. Qg5 Qd7 32. f6 Qd6 33. fxg7 h6 34. Qe3
Rbb7 35. f3 Rbe7 36. Qc5 Qxc5+ 37. Rxc5 exf3 38. Bxf3 Rxf3 39. gxf3 Re5 40.
Nf6+ Kxg7 41. Rxc6 Nxc6 42. Rxc6 d4 43. Ne4 Rh5 44. Kg2 d3 45. Rxa6 b4 46. Kg3
Rd5 47. Rd6 1-0

[Event "15PCR_F"]
[Site "?"]
[Date "2006.??.??"]
[Round "?"]
[White "Paulik, Vaclav"]
[Black "Brousek, Jiri"]
[Result "0-1"]
[WhiteElo "2160"]
[BlackElo "2315"]
[PlyCount "80"]
[EventDate "2006.??.??"]
[SourceDate "2006.08.10"]

1. e4 e6 2. d4 d5 3. e5 c5 4. c3 Qb6 5. Nf3 Bd7 6. a3 cxd4 7. cxd4 Bb5 8. Bxb5+
Qxb5 9. Nc3 Qa6 10. Ne2 Bb4+ 11. Bd2 Bxd2+ 12. Qxd2 Ne7 13. O-O O-O 14. a4 Nd7
15. b4 Rfc8 16. b5 Qb6 17. Ng3 Rc4 18. Rfc1 Rac8 19. Rxc4 Rxc4 20. Nf1 Nf5 21.
Ne3 Nxe3 22. fxe3 Qc7 23. a5 Rc3 24. Qe1 Qc4 25. e4 dxe4 26. Qxe4 Qxb5 27. Rb1
Rb3 28. Rf1 h6 29. Qh4 Qxa5 30. Qe7 Qd5 31. Kh1 Rb2 32. h3 Nf8 33. Nh4 Qd7 34.
Ng6 Qxe7 35. Nxe7+ Kh7 36. Rxf7 Ng6 37. Nc8 a5 38. Nd6 a4 39. Ne8 a3 40. Rxg7+
Kh8 0-1

[Event "15PCR_F"]
[Site "?"]
[Date "2006.??.??"]
[Round "?"]
[White "Postl, Rostislav"]
[Black "Paulik, Vaclav"]
[Result "1-0"]
[WhiteElo "2314"]
[BlackElo "2160"]
[PlyCount "51"]
[EventDate "2006.??.??"]
[SourceDate "2006.08.10"]

1. d4 Nf6 2. Nf3 e6 3. c4 b6 4. Nc3 Bb7 5. a3 d5 6. Bg5 Be7 7. e3 O-O 8. Rc1
Nbd7 9. cxd5 exd5 10. Bd3 c5 11. O-O Ne4 12. Bf4 Nxc3 13. Rxc3 c4 14. Bb1 b5
15. Ne5 Nxe5 16. Bxe5 Bd6 17. f4 g6 18. f5 a5 19. Qg4 Bxe5 20. dxe5 b4 21. Rc2
Qe7 22. Rcf2 bxa3 23. e6 a2 24. Bxa2 h5 25. Qg3 fxe6 26. f6 1-0

[Event "15PCR_F"]
[Site "?"]
[Date "2006.??.??"]
[Round "?"]
[White "Popelka, Miloslav"]
[Black "Hrdy, Roman"]
[Result "1-0"]
[WhiteElo "2147"]
[BlackElo "2260"]
[PlyCount "91"]
[EventDate "2006.??.??"]
[SourceDate "2006.08.10"]

1. e4 c5 2. Nf3 d6 3. d4 cxd4 4. Nxd4 Nf6 5. Nc3 a6 6. Be3 e5 7. Nb3 Be6 8. f3
Nbd7 9. Qd2 b5 10. a4 b4 11. Nd5 Bxd5 12. exd5 Nb6 13. Bxb6 Qxb6 14. a5 Qb7 15.
Bc4 Be7 16. Ra4 Rb8 17. Nc1 Bd8 18. b3 O-O 19. Na2 Nd7 20. Kd1 Rc8 21. Nxb4 Nc5
22. Ra2 Bg5 23. Qxg5 Qxb4 24. Re1 Ne6 25. dxe6 Rxc4 26. exf7+ Rxf7 27. bxc4
Qb1+ 28. Kd2 Qxa2 29. Qd8+ Rf8 30. Qc7 h6 31. Re4 Kh7 32. h4 Qa3 33. Rg4 Rg8
34. Ke2 Qc3 35. Qxd6 Qxa5 36. Kf2 Kh8 37. Kg3 Rc8 38. Kh3 Rc7 39. Qd8+ Kh7 40.
Qd3+ Kg8 41. Rg6 Re7 42. Qd5+ Qxd5 43. cxd5 Ra7 44. Kg4 a5 45. Kf5 a4 46. Rb6
1-0